Loading...
| Literature - World | 0 | 7 | 0 | 1 | 70 | 34 | 87.29 | 0 | 4 | 0.00 | 0.00 |
| Fine Arts - Other | 0 | 5 | 0 | 0 | 50 | 38 | 95.00 | 2 | 4 | 0.00 | 0.00 |
| Fine Arts - Classical Music | 0 | 6 | 2 | 1 | 50 | 40 | 84.83 | 3 | 3 | 0.00 | 0.00 |
| Philosophy | 0 | 5 | 0 | 1 | 50 | 46 | 91.40 | 2 | 3 | 0.00 | 0.00 |
| Literature - European | 0 | 5 | 1 | 0 | 45 | 55 | 81.80 | 2 | 3 | 0.00 | 0.00 |
| Literature - American | 0 | 5 | 1 | 0 | 45 | 24 | 55.00 | 0 | 4 | 0.00 | 0.00 |
| Science - Other | 0 | 4 | 0 | 1 | 40 | 22 | 87.00 | 1 | 1 | 0.00 | 0.00 |
| Fine Arts - Painting and Sculpture | 0 | 4 | 0 | 0 | 40 | 66 | 83.25 | 0 | 0 | 0.00 | 0.00 |
| Literature - British | 0 | 4 | 1 | 0 | 35 | 10 | 55.00 | 1 | 3 | 0.00 | 0.00 |
| Science - Chemistry | 0 | 2 | 1 | 0 | 15 | 30 | 45.00 | 0 | 1 | 0.00 | 0.00 |
| History - European | 0 | 1 | 0 | 0 | 10 | 75 | 75.00 | 0 | 1 | 0.00 | 0.00 |
| Social Science | 0 | 1 | 0 | 1 | 10 | 89 | 89.00 | 0 | 0 | 0.00 | 0.00 |
| Science - Physics | 0 | 0 | 2 | 0 | -10 | 0.00 | 0 | 0 | 0.00 | 0.00 | |
| Mythology | 0 | 0 | 2 | 0 | -10 | 0.00 | 0 | 0 | 0.00 | 0.00 |